000 00437nam a2200157Ia 4500
008 240729s9999 xx 000 0 und d
022 _a2383-403X
245 0 _aIranian Journal of Astronomy and Astrophysics
260 _aIran, Islamic Republic of
260 _bDamghan university
650 _a Astronomy
650 _aScience
856 _uhttps://doaj.org/toc/cbb4ed40d88c40f6b56a4e7ef3b20a72
942 _2ddc
942 _cDOAJEJ
999 _c70513
_d70513
945 _a1
_bMadushi Gamage
_c1
_dMadushi Gamage